|
|
|
|
| LEADER |
00688nam a22001697a 4500 |
| 005 |
20171107114036.0 |
| 008 |
171107b xxu||||| |||| 00| 0 eng d |
| 999 |
|
|
|c 38546
|d 38546
|
| 040 |
|
|
|a BD-DhAAL
|c BD-DhAAL
|
| 082 |
|
|
|a 791.43
|
| 245 |
|
|
|a The guns of Navarone
|c James Darren
|
| 260 |
|
|
|a North Hollywood, CA :
|b Passport Video,
|c ©2001.
|
| 300 |
|
|
|a 1 videodisc (90 min.) : sound, color ; 4 3/4 in.
|b sound, color ;
|c 4 3/4 in.
|
| 650 |
|
|
|a Motion pictures
|x Production and direction
|9 23555
|
| 700 |
|
|
|a Darren, James
|9 23556
|
| 942 |
|
|
|2 ddc
|c AV
|
| 952 |
|
|
|0 0
|1 0
|2 ddc
|4 0
|6 791_430000000000000_GUN
|7 0
|9 61796
|a SCL
|b SCL
|c AV
|d 2017-11-07
|g 80.00
|l 0
|o 791.43 GUN
|p 4020009428
|r 2017-11-07
|t 1
|w 2017-11-07
|y AV
|